000 00471nam a2200181Ia 4500
005 20250508152642.0
008 008 250505s9999 xx 000 0 hin d
037 _aTextual
040 _aFEDL
_beng
_cFEDL
041 _ahin
_2eng
084 _a891.431, PAO
_qFEDL
100 _aPadma
245 0 _aBhavlekha
260 _aDelhi, India
_bVidya Prakashan Mandir
_c1960
300 _a120p.
942 _cTEXL
_h891.431, PAO
999 _c1337815
_d1337815